000 00816nam a2200265 a 4500
003 AR-BaBNM
005 20251128205234.0
008 082120s2002 ||||||||||||||000 | spa||
020 _a0-8270-3276-5
040 _cAR-BaBNM
245 0 0 _aColombia
_bliteratura y cultura del siglo XX
260 _aWashington, D.C.
_bSecretaría General de la Organización de Estados Americanos
_c1994
300 _a231 p.
490 0 _aInteramer. Cultural
_vv. 34
500 _aContiene catálogo de las publicaciones de la misma colección
650 4 _aANALISIS LITERARIO
650 4 _aCRITICA LITERARIA
650 4 _aHISTORIA CULTURAL
650 4 _aESTUDIOS CULTURALES
653 _aLITERATURA COLOMBIANA
655 _aLITERATURA
700 1 _aRodríguez Vergara, Isabel
_eeditor
942 _cBK
998 _claura
999 _c10550
_d10550